| Tag |
First Indicator |
Second Indicator |
Subfields |
| LEADER |
00000pam a22000004a 4500 |
| 001 |
in00001573213 |
| 005 |
20151022092757.0 |
| 008 |
991013s2000 mdua b 001 0 eng |
| 010 |
|
|
|a 99053307
|
| 020 |
|
|
|a 0801863848 (alk. paper)
|
| 035 |
|
|
|a (OCoLC)ocm42690138
|
| 040 |
|
|
|a DLC
|c DLC
|d TXA
|d UtOrBLW
|
| 042 |
|
|
|a pcc
|
| 043 |
|
|
|a ee-----
|
| 049 |
|
|
|a TXAM
|
| 050 |
0 |
0 |
|a JN96.A91
|b C65 2000
|
| 082 |
0 |
0 |
|a 321.8/01/5193
|2 21
|
| 100 |
1 |
|
|a Colomer, Josep Maria.
|
| 245 |
1 |
0 |
|a Strategic transitions :
|b game theory and democratization /
|c Josep M. Colomer.
|
| 264 |
|
1 |
|a Baltimore :
|b Johns Hopkins University Press,
|c 2000.
|
| 300 |
|
|
|a x, 163 pages :
|b illustrations ;
|c 24 cm.
|
| 336 |
|
|
|a text
|b txt
|2 rdacontent
|
| 337 |
|
|
|a unmediated
|b n
|2 rdamedia
|
| 338 |
|
|
|a volume
|b nc
|2 rdacarrier
|
| 504 |
|
|
|a Includes bibliographical references (pages [149]-157) and index.
|
| 650 |
|
0 |
|a Democratization
|z Europe, Eastern.
|
| 650 |
|
0 |
|a Democracy
|z Europe, Eastern.
|
| 651 |
|
0 |
|a Europe, Eastern
|x Politics and government
|y 1989-
|
| 650 |
|
0 |
|a Game theory.
|
| 948 |
|
|
|a cataloged
|b h
|c 2000/12/6
|d c
|e dmitchel
|f 8:56:06 am
|
| 994 |
|
|
|a E0
|b TXA
|
| 999 |
|
|
|a MARS
|
| 999 |
f |
f |
|s 475e8fd6-3ceb-3500-bea6-fbfa73ad59a9
|i c9997c68-6ab2-3903-8c02-0bd3ce2d2822
|t 0
|
| 952 |
f |
f |
|p ric
|a Texas A&M University
|b Rellis Campus
|c Joint Library Facility
|d Remote Storage
|t 0
|e JN96.A91 C65 2000
|h Library of Congress classification
|i unmediated -- volume
|m A14826997117
|
| 998 |
f |
f |
|a JN96.A91 C65 2000
|t 0
|l Remote Storage
|